Michigan Law Review

Detalles Bibliográficos
Formato: eBook
Lenguaje:inglés
Publicado: Lansing: Michigan Law Review Association, 1993 -
Materias:
Acceso en línea:Acceso restringido

MARC

LEADER 00000nam a22000007a 4500
005 20190927225612.0
007 cr|||| ||||
008 190927c19939999us kn|w s|||| 0|||b1eng d
022 |a 0026-2234 
035 |a 4039 
040 |a vLex 
090 |c 9654  |d 9654 
245 0 0 |a Michigan Law Review  |h [Recurso electrn̤ico] / 
256 |a Servicio en ln̕ea 
260 |a Lansing:  |b Michigan Law Review Association,  |c 1993 - 
300 |a 1 recurso electrn̤ico 
310 |a Irregular 
506 1 |a Disponible solo en los productos indicados  |d vLex Global  |d vLex Global (Academic Edition, excluding Law Schools)  |d vLex Global (Academic Edition, Law Schools) 
650 0 4 |a Derecho Pb︢lico y Administrativo  |z Estados Unidos 
740 0 |a vLex Revistas (Servicio en ln̕ea) 
856 4 0 |u http://vlex.com/source/michigan-law-review-4039  |z Acceso restringido 
942 |c REV 
999 0 |a Public and Administrative Law